000 00951cab a2200241 4500
001 WB3520-18
008 090401t1999 xxu||||| |||| 00| 0 eng d
035 _a(Sirsi) u93554
041 _aeng
245 _aMixed tenure `not the solution to deprivation`
260 _c1999
350 _a0
490 _aHousing Today
_v(134) 20 May 1999, 3(1)
520 _aA study by Demos questions the idea that mixed tenure estates are the answer to deprived neighbourhoods. It found that although owner-occupiers did not mind moving onto mixed tenure estates, contact between owners and renters was below the national average and the overall satisfaction with crime, graffiti, noise and friendliness was below the national average for social housing.
650 _aDEMOS
650 _aHOUSING POLICY
650 _aMIXED TENURE
650 _aSOCIAL EXCLUSION
650 _aSOCIAL HOUSING
690 _aHOUSING
942 _n0
948 _c25/05/1999
999 _c59284
_d59284